000 01074nam a22003257a 4500
003 CHAP
005 20220329141311.0
008 971010s1945 mx a r 00010 spa d
010 _a66033
011 _a67005
035 _a76065
040 _cCHAP
082 0 4 _a633
_bS47
100 0 0 _aSerradel, Narciso.
_9105193
245 1 _aBotánica agrícola mexicana
_b: breves monografías
260 _aMéxico, D.F. :
_bSecretaría de Educación Pública,
_c1945
300 _a89 p.
_b: ilus.
490 _aBiblioteca enciclopédica popular
_v; 37
590 _aBATCH-UPD
_b10
_c20130110
_lUCH01
_h1041
590 _aBATCH-UPD
_b10
_c20130410
_lUCH01
_h0640
590 _aBATCH-UPD
_b10
_c20130914
_lUCH01
_h0620
590 _aCONVERSION
_b10
_c20130109
_lUCH01
_h1336
650 1 4 _aBotánica agrícola.
_914652
650 1 4 _aCultivos.
_930221
830 0 _aBiblioteca enciclopédica popular
_v; 37
_912386
901 _aBK
942 _cLIBRO
949 _a633 S47
_bBC
_cLIBRO
_d-137108
_eLIBRO
_h22156
_i76065
_si
949 _a633 S47
_bBC
_cLIBRO
_d-137110
_eLIBRO
_fc.2
_h14811
_i76065
_si
999 _c66033
_d66033